000 01082nam a2200253Ia 4500
999 _c5434
_d5434
003 OSt
005 20200604143521.0
008 191128s1946 mx gr 000 0 spa d
040 _aCO-JMCR
_cCO-JMCR
041 0 _aspa
_heng
082 0 4 _a330.1 /
_bC155r
_223
100 1 _aCannan, Edwin,
_eautor
_94963
245 1 0 _aRepaso a la teoría económica /
_cEdwin Cannan ; versión española de Javier Márquez
250 _aSegunda edición
260 _aMéxico :
_bFondo de Cultura Económica,
_c1946
300 _a406 páginas ;
_c23 cm.
490 0 _aSección de obras de economía / Daniel Cosío Villegas
505 _aOrígenes de la teoría económica -- La expresión "teoría económica" -- La teoría de la producción -- Influencia de la población sobre el producto -- Influencia de la cooperación sobre el producto -- Influencia de la acumulación sobre el producto
546 _aTraducido del inglés
650 1 4 _aTeoría económica
_94964
650 2 4 _aProducción Valor
_xEconomía
_94965
700 1 _aMárquez, Javier,
_etraductor
_94628
942 _2ddc
_cBK